Friends or How I met your mother - Statistics

General Stats
  • This quiz has been taken 197 times
  • The average score is 9 of 15
Answer Stats
Question Answer % Correct
Two main charcters are siblings Friends
97%
One main couple was dating since the first episode Himym
92%
Two of the main characters got married because they were drunk Friends
84%
All main characters have a doppelgänger Himym
79%
One main charcter worked as a professor at one point Both
77%
Two main characters have a deal to get married when theyre still single at 40 Both
65%
A main character falls in love with the ex of another main character Both
61%
Nobody knows what one main charcter does for a living Both
56%
A main character got back together with an ex in the series finale Both
52%
A main character cant get pregnant Both
47%
Every main character appears in every single episode Friends
40%
All main charcters were married Himym
40%
Unplanned pregnancy Both
37%
Someone has a younger brother Neither
26%
One main character got left at the altar Both
18%
No matching quizzes found
Score Distribution
Percent of People with Each Score
Percentile by Number Answered
Your Score History
You have not taken this quiz